Social movements : between the balcony and the barricade /

Bibliographic Details
Main Author: Roberts, Ron E.
Other Authors: Kloss, Robert Marsh, 1938-
Format: Book
Language:English
Published: St. Louis : Mosby, 1979.
Edition:2d ed.
Subjects:

MARC

Tag First Indicator Second Indicator Subfields
LEADER 00000pam a2200000 i 4500
001 in00000223513
005 20151009074436.0
008 781219s1979 moua b 00110 eng
010 |a  78031214  
020 |a 0801641357 
035 |a (OCoLC)04549632 
035 |9 AAZ2377AM 
040 |a DLC  |c DLC  |d TXA  |d UtOrBLW 
049 |a TXAM  |c [978361] 
050 0 0 |a HN8  |b .R6 1979 
100 1 |a Roberts, Ron E. 
245 1 0 |a Social movements :  |b between the balcony and the barricade /  |c Ron E. Roberts, Robert Marsh Kloss. 
250 |a 2d ed. 
264 1 |a St. Louis :  |b Mosby,  |c 1979. 
300 |a xiii, 245 pages :  |b illustrations ;  |c 25 cm. 
336 |a text  |b txt  |2 rdacontent 
337 |a unmediated  |b n  |2 rdamedia 
338 |a volume  |b nc  |2 rdacarrier 
500 |a Includes index. 
504 |a Bibliography: pages 227-239. 
536 |a From the Library of Dr. James H. Copp, February 2004. 
650 0 |a Social movements. 
650 0 |a Collective behavior. 
700 1 |a Kloss, Robert Marsh,  |d 1938- 
999 |a MARS 
999 f f |s 73ce7e39-5c31-37cc-95c1-ee6dc036bb61  |i ad3e6652-e8a9-3ad8-9666-ea8258af7854  |t 0 
952 f f |p ric  |a Texas A&M University  |b Rellis Campus  |c Joint Library Facility  |d Remote Storage  |t 0  |e HN8 .R6 1979  |h Library of Congress classification  |i unmediated -- volume  |m A14831955984 
998 f f |a HN8 .R6 1979  |t 0  |l Remote Storage